Machine trading (Record no. 241015)

MARC details
000 -LEADER
fixed length control field 02633nam a22002657a 4500
005 - DATE AND TIME OF LATEST TRANSACTION
control field 20260312092520.0
008 - FIXED-LENGTH DATA ELEMENTS--GENERAL INFORMATION
fixed length control field 260309b |||||||| |||| 00| 0 eng d
020 ## - INTERNATIONAL STANDARD BOOK NUMBER
International Standard Book Number 9781119219606
040 ## - CATALOGING SOURCE
Transcribing agency AL
041 ## - LANGUAGE CODE
Language code of text/sound track or separate title eng
082 ## - DEWEY DECIMAL CLASSIFICATION NUMBER
Classification number 332.64
Item number CHAM
100 ## - MAIN ENTRY--PERSONAL NAME
Personal name Ernest P Chan
100 ## - MAIN ENTRY--PERSONAL NAME
9 (RLIN) 258558
245 ## - TITLE STATEMENT
Title Machine trading
260 ## - PUBLICATION, DISTRIBUTION, ETC.
Place of publication, distribution, etc. New Jersey
Name of publisher, distributor, etc. Wiley
Date of publication, distribution, etc. 2017
300 ## - PHYSICAL DESCRIPTION
Extent xii,250p
Other physical details PB
Dimensions 25x18cm
365 ## - TRADE PRICE
Source of price type code General
Price type code ABDI/0854/26
Price amount $47.25 ₹4316.2875
Currency code $
Unit of pricing $63.00 ₹5755.05
Price note 25%
Price effective from 19-02-2026
440 ## - SERIES STATEMENT/ADDED ENTRY--TITLE
Title Wiley Trading Series
9 (RLIN) 258242
520 ## - SUMMARY, ETC.
Summary, etc. Dive into algo trading with step-by-step tutorials and expert insight<br/>Machine Trading is a practical guide to building your algorithmic trading business. Written by a recognized trader with major institution expertise, this book provides step-by-step instruction on quantitative trading and the latest technologies available even outside the Wall Street sphere. You'll discover the latest platforms that are becoming increasingly easy to use, gain access to new markets, and learn new quantitative strategies that are applicable to stocks, options, futures, currencies, and even bitcoins. The companion website provides downloadable software codes, and you'll learn to design your own proprietary tools using MATLAB. The author's experiences provide deep insight into both the business and human side of systematic trading and money management, and his evolution from proprietary trader to fund manager contains valuable lessons for investors at any level.<br/>Algorithmic trading is booming, and the theories, tools, technologies, and the markets themselves are evolving at a rapid pace. This book gets you up to speed, and walks you through the process of developing your own proprietary trading operation using the latest tools.<br/>Utilize the newer, easier algorithmic trading platforms<br/>Access markets previously unavailable to systematic traders<br/>Adopt new strategies for a variety of instruments<br/>Gain expert perspective into the human side of trading<br/>The strength of algorithmic trading is its versatility. It can be used in any strategy, including market-making, inter-market spreading, arbitrage, or pure speculation; decision-making and implementation can be augmented at any stage, or may operate completely automatically. Traders looking to step up their strategy need look no further than Machine Trading for clear instruction and expert solutions.
650 ## - SUBJECT ADDED ENTRY--TOPICAL TERM
Topical term or geographic name entry element Factor Models
9 (RLIN) 258244
650 ## - SUBJECT ADDED ENTRY--TOPICAL TERM
Topical term or geographic name entry element Bitcoins
9 (RLIN) 258245
650 ## - SUBJECT ADDED ENTRY--TOPICAL TERM
Topical term or geographic name entry element Artificial Intelligence
9 (RLIN) 258246
650 ## - SUBJECT ADDED ENTRY--TOPICAL TERM
Topical term or geographic name entry element Intraday Trading
9 (RLIN) 258247
650 ## - SUBJECT ADDED ENTRY--TOPICAL TERM
Topical term or geographic name entry element Algorithmic Trading
9 (RLIN) 258248
942 ## - ADDED ENTRY ELEMENTS (KOHA)
Source of classification or shelving scheme Dewey Decimal Classification
Koha item type Book
Holdings
Withdrawn status Lost status Source of classification or shelving scheme Damaged status Not for loan Collection code Home library Current library Date acquired Source of acquisition Cost, normal purchase price Total Checkouts Full call number Barcode Date last seen Cost, replacement price Price effective from Koha item type
    Dewey Decimal Classification     General St Aloysius Engineering Library St Aloysius Engineering Library 02/19/2026 Academic Book Distributors, Bengaluru-562159 4316.29   332.64 CHAM SE000264 03/09/2026 5755.05 03/09/2026 Book
    Dewey Decimal Classification     General St Aloysius Engineering Library St Aloysius Engineering Library 02/19/2026 Academic Book Distributors, Bengaluru-562159 4316.29   332.64 CHAM SE000265 03/09/2026 5755.05 03/09/2026 Book